[Event "Plovdiv Vanev Memorial 4th"]
[Site "Plovdiv"]
[Date "2024.08.17"]
[Round "5"]
[White "Ivanov, Bogidar"]
[Black "Spasov, Vasil"]
[Result "0-1"]
[WhiteElo "2160"]
[BlackElo "2432"]
[PlyCount "86"]
[EventDate "2024.08.17"]
[EventType "swiss (rapid)"]
[EventRounds "9"]
[EventCountry "BUL"]
[SourceTitle "CBM 221 Extra"]
[Source "ChessBase"]
[SourceDate "2024.09.30"]
[SourceVersion "1"]
[SourceVersionDate "2024.09.30"]
[SourceQuality "1"]

1. e4 d6 2. d4 Nf6 3. Nc3 e5 4. f4 exd4 5. Qxd4 Nc6 6. Qd1 Be7 7. Nf3 0-0 8. a3 Re8 9. Bd3 Bf8 10. 0-0 Ne7 11. Qd2 Ng6 12. h3 Bd7 13. Qf2 Bc6 14. Nd4 Bxe4 15. Nxe4 Nxe4 16. Bxe4 Rxe4 17. f5 Ne5 18. c3 c5 19. Ne2 Nd7 20. Ng3 Re8 21. Bf4 Nf6 22. Rad1 h6 23. Rd2 Qb6 24. Rfd1 d5 25. Qf3 Rad8 26. Nh5 Nxh5 27. Qxh5 d4 28. cxd4 Rxd4 29. Rxd4 cxd4 30. b4 a5 31. Bd2 d3+ 32. Kh1 axb4 33. axb4 Qf2 34. Qg4 Qe2 35. Bc3 Qxg4 36. hxg4 Re4 37. Rxd3 Bxb4 38. Bb2 Rxg4 39. Rd8+ Kh7 40. Rd7 Rh4+ 41. Kg1 Bc5+ 42. Kf1 Rf4+ 43. Ke2 Rf2+ 0-1

[Event "BUL-chT Blitz"]
[Site "Kiten"]
[Date "2021.06.19"]
[Round "7.1"]
[White "Chatalbashev, Boris"]
[Black "Ivanov, Bogidar"]
[Result "1-0"]
[WhiteElo "2530"]
[BlackElo "2178"]
[PlyCount "111"]
[EventDate "2021.06.19"]
[EventType "team-tourn (blitz)"]
[EventRounds "7"]
[EventCountry "BUL"]
[SourceTitle "CBM 203 Extra"]
[Source "ChessBase"]
[SourceDate "2021.09.30"]
[SourceVersion "1"]
[SourceVersionDate "2021.09.30"]
[SourceQuality "1"]
[WhiteTeam "Razgrad Abritus"]
[BlackTeam "Tundzha Yambol"]
[WhiteTeamCountry "BUL"]
[BlackTeamCountry "BUL"]

1. d4 Nf6 2. c4 e6 3. Nc3 Bb4 4. Nf3 d5 5. Qa4+ Nc6 6. e3 0-0 7. Bd2 a6 8. Qc2 Re8 9. Rd1 Qe7 10. a3 Bxc3 11. Bxc3 h6 12. Bd3 dxc4 13. Bxc4 b5 14. Ba2 b4 15. Bd2 Bb7 16. 0-0 a5 17. Bc4 Ba6 18. Rc1 bxa3 19. bxa3 Qxa3 20. Bxa6 Rxa6 21. Qc4 Rb6 22. Ra1 Qb3 23. Qxb3 Rxb3 24. Rfc1 Ne7 25. Rxc7 Ned5 26. Rc2 Ne4 27. Bxa5 Reb8 28. g3 Rb1+ 29. Rxb1 Rxb1+ 30. Kg2 Ra1 31. Bd2 Rd1 32. h4 g5 33. hxg5 hxg5 34. Bc1 Kg7 35. Ne5 f6 36. Nf3 g4 37. Nd2 Nec3 38. Nc4 Na2 39. Bb2 Nab4 40. Rd2 Rb1 41. Ba3 Nc6 42. e4 Nc3 43. d5 exd5 44. exd5 Nd8 45. Rd3 Ne4 46. Nd6 Kg6 47. Nxe4 Rb7 48. d6 f5 49. Nc5 Rb5 50. d7 Ra5 51. Bb4 Rb5 52. Rd4 Kf6 53. Bc3 Ke7 54. Rd5 Rb1 55. Rxf5 Rc1 56. Bf6+ 1-0

[Event "Teteven op 30th"]
[Site "Teteven"]
[Date "2015.08.13"]
[Round "5"]
[White "Drenchev, Petar"]
[Black "Ivanov, Bogidar"]
[Result "1-0"]
[WhiteElo "2463"]
[BlackElo "2226"]
[PlyCount "107"]
[EventDate "2015.08.10"]
[EventType "swiss"]
[EventRounds "9"]
[EventCountry "BUL"]
[SourceTitle "CBM 167 Extra"]
[Source "ChessBase"]
[SourceDate "2015.09.14"]
[SourceVersion "1"]
[SourceVersionDate "2015.09.14"]
[SourceQuality "1"]

1. e4 c5 2. Nf3 Nc6 3. Nc3 e6 4. d4 cxd4 5. Nxd4 Nf6 6. g3 Bb4 7. Bg2 0-0 8. 0-0 h6 9. Ndb5 a6 10. Nd6 Ne8 11. Nxc8 Rxc8 12. Ne2 b5 13. a4 Nf6 14. Nf4 Qc7 15. axb5 axb5 16. Nd3 Be7 17. Bf4 e5 18. Be3 Rfd8 19. Ra6 Rb8 20. c3 Qc8 21. Qa1 Qc7 22. h3 Bf8 23. Qa2 b4 24. Rc1 bxc3 25. Rxc3 Rb5 26. f4 Qb8 27. Ra4 Re8 28. Qc4 Nh5 29. Bf2 Nf6 30. f5 Rc8 31. Ra8 Qxa8 32. Qxb5 Rb8 33. Qc4 Qb7 34. Bf3 Be7 35. Kg2 Bf8 36. g4 Be7 37. h4 Qb5 38. Qxb5 Rxb5 39. Kf1 Ne8 40. Bd1 Rb8 41. Bg3 f6 42. Bb3+ Kf8 43. Bd5 Ra8 44. Kg2 Ra4 45. Bf2 Nd4 46. Rc8 Bd6 47. Be3 Ke7 48. g5 hxg5 49. hxg5 Ra1 50. g6 Rd1 51. Bf7 Nc7 52. Nf2 Re1 53. Bh6 Ne2 54. Bxg7 1-0

[Event "BUL-chT2"]
[Site "Sunny Beach"]
[Date "2014.09.24"]
[Round "6.3"]
[White "Ivanov, Bogidar"]
[Black "Stefanov, Plamen"]
[Result "1-0"]
[WhiteElo "2183"]
[BlackElo "2202"]
[PlyCount "71"]
[EventDate "2014.09.19"]
[EventType "team-swiss"]
[EventRounds "7"]
[EventCountry "BUL"]
[SourceTitle "EXT 2015"]
[Source "ChessBase"]
[SourceDate "2014.11.20"]
[SourceVersion "1"]
[SourceVersionDate "2014.11.20"]
[SourceQuality "1"]
[WhiteTeam "Yambol Tundzha"]
[BlackTeam "Vratsa"]
[WhiteTeamCountry "BUL"]
[BlackTeamCountry "BUL"]

1. e4 d5 2. exd5 Nf6 3. Bb5+ Bd7 4. Bc4 Bg4 5. f3 Bc8 6. Nc3 Nbd7 7. d4 Nb6 8. Bb3 Nbxd5 9. Nxd5 Nxd5 10. c4 Nf6 11. Be3 g6 12. Ne2 c6 13. Qd2 Bg7 14. Bh6 0-0 15. 0-0-0 Re8 16. Bxg7 Kxg7 17. g4 e5 18. Qc3 Qc7 19. g5 Nh5 20. d5 cxd5 21. Rxd5 Bd7 22. Rhd1 Bc6 23. Rd6 Qe7 24. Qe3 Rac8 25. Kb1 Kg8 26. c5 Ng7 27. Ng3 Rc7 28. Ka1 Ne6 29. Bxe6 fxe6 30. Qxe5 Bxf3 31. Re1 Bg4 32. Ne4 Bf5 33. Nf6+ Kf7 34. Nxe8 Qxe8 35. Qf6+ Kg8 36. Rd8 1-0

[Event "BUL-chT2"]
[Site "Sunny Beach"]
[Date "2014.09.19"]
[Round "1.3"]
[White "Ivanov, Bogidar"]
[Black "Yotov, Yoto"]
[Result "1-0"]
[WhiteElo "2183"]
[BlackElo "2047"]
[PlyCount "113"]
[EventDate "2014.09.19"]
[EventType "team-swiss"]
[EventRounds "7"]
[EventCountry "BUL"]
[SourceTitle "EXT 2015"]
[Source "ChessBase"]
[SourceDate "2014.11.20"]
[SourceVersion "1"]
[SourceVersionDate "2014.11.20"]
[SourceQuality "1"]
[WhiteTeam "Yambol Tundzha"]
[BlackTeam "Lovech"]
[WhiteTeamCountry "BUL"]
[BlackTeamCountry "BUL"]

1. e4 c6 2. d4 d5 3. Nd2 dxe4 4. Nxe4 Bf5 5. Ng3 Bg6 6. h4 h6 7. Nf3 Nd7 8. h5 Bh7 9. Bd3 Bxd3 10. Qxd3 Ngf6 11. Bd2 e6 12. 0-0-0 Be7 13. Qe2 Qc7 14. Ne5 Nxe5 15. dxe5 Nd7 16. f4 0-0-0 17. Ne4 Nc5 18. Nc3 b6 19. Qg4 Rhg8 20. Be3 g5 21. hxg6 Rxg6 22. Rxd8+ Qxd8 23. Qf3 Kc7 24. g3 Qc8 25. Kb1 Qg8 26. Bf2 Qc8 27. Rd1 Rg8 28. Qh1 Rd8 29. Re1 Qd7 30. a3 Bf8 31. g4 Nb7 32. Bh4 Be7 33. Bxe7 Qxe7 34. Qxh6 Na5 35. Qf6 Qxf6 36. exf6 Nc4 37. Kc1 Nd6 38. Ne4 Nxe4 39. Rxe4 c5 40. g5 Kd6 41. b4 Rh8 42. bxc5+ bxc5 43. Ra4 Ra8 44. Kd2 a5 45. Ke3 Kd5 46. Re4 Rh8 47. c4+ Kd6 48. Kf3 Rh3+ 49. Kg4 Rxa3 50. g6 fxg6 51. Kg5 Rh3 52. Kxg6 Rg3+ 53. Kf7 Rc3 54. Rxe6+ Kd7 55. Re5 Kd6 56. Kg7 Rg3+ 57. Rg5 1-0

[Event "BUL-chT-A 62nd"]
[Site "Sunny Beach"]
[Date "2012.09.20"]
[Round "2.2"]
[White "Ivanov, Bogidar"]
[Black "Iliev, Ilian"]
[Result "1-0"]
[WhiteElo "2206"]
[BlackElo "2204"]
[PlyCount "65"]
[EventDate "2012.09.19"]
[EventType "team-tourn"]
[EventRounds "7"]
[EventCountry "BUL"]
[SourceTitle "CBM 150 Extra"]
[Source "ChessBase"]
[SourceDate "2012.10.19"]
[SourceVersion "1"]
[SourceVersionDate "2012.10.19"]
[SourceQuality "1"]
[WhiteTeam "Jambol Tundja"]
[BlackTeam "Vidin Nayden Voynov"]
[WhiteTeamCountry "BUL"]
[BlackTeamCountry "BUL"]

1. e4 Nf6 2. e5 Nd5 3. d4 d6 4. c4 Nb6 5. f4 dxe5 6. fxe5 Bf5 7. Nc3 e6 8. Be3 Be7 9. Bd3 Bxd3 10. Qxd3 c5 11. d5 Nc6 12. Qe4 exd5 13. cxd5 Nd4 14. Bxd4 cxd4 15. Qxd4 0-0 16. Nf3 Rc8 17. d6 Bg5 18. 0-0 Bh6 19. b3 Rc6 20. Rad1 Qc8 21. Nb5 Qb8 22. a4 a6 23. Nc7 Nd7 24. Rfe1 b5 25. Qg4 Qd8 26. axb5 axb5 27. Nd4 Rc5 28. Nf5 Nxe5 29. Nxh6+ Kh8 30. Qd4 Qg5 31. Rxe5 Rxe5 32. d7 Re2 33. Nxf7+ 1-0

[Event "BUL-chT-A 62nd"]
[Site "Sunny Beach"]
[Date "2012.09.19"]
[Round "1.4"]
[White "Georgiev, Vladimir"]
[Black "Ivanov, Bogidar"]
[Result "1-0"]
[WhiteElo "2566"]
[BlackElo "2206"]
[PlyCount "97"]
[EventDate "2012.09.19"]
[EventType "team-tourn"]
[EventRounds "7"]
[EventCountry "BUL"]
[SourceTitle "CBM 150 Extra"]
[Source "ChessBase"]
[SourceDate "2012.10.19"]
[SourceVersion "1"]
[SourceVersionDate "2012.10.19"]
[SourceQuality "1"]
[WhiteTeam "Razgrad Abritus"]
[BlackTeam "Jambol Tundja"]
[WhiteTeamCountry "BUL"]
[BlackTeamCountry "BUL"]

1. d4 Nf6 2. c4 e6 3. Nc3 Bb4 4. Nf3 b6 5. e3 Bb7 6. Bd3 c5 7. 0-0 cxd4 8. exd4 0-0 9. a3 Bxc3 10. bxc3 Be4 11. Re1 Bxd3 12. Qxd3 d6 13. Bf4 Nc6 14. d5 exd5 15. cxd5 Ne7 16. c4 Ng6 17. Bg3 Nh5 18. Nd4 Qf6 19. Re4 Nxg3 20. hxg3 Ne5 21. Qe2 Rac8 22. Rc1 Qh6 23. Rc3 f5 24. Rf4 Rce8 25. Nxf5 Rxf5 26. Rxf5 g6 27. Rxe5 Rxe5 28. Re3 Rxe3 29. Qxe3 Qh5 30. Qe8+ Kg7 31. Qe7+ Kg8 32. f3 Qh6 33. f4 Qh5 34. Qe6+ Kg7 35. Kf2 Qd1 36. g4 Qd4+ 37. Kg3 Qc3+ 38. Kh4 Qxa3 39. Qe7+ Kg8 40. Kg5 Qg3 41. Qd8+ Kf7 42. Qc7+ Kg8 43. Qb8+ Kf7 44. Qxa7+ Kg8 45. Qb8+ Kf7 46. Qc7+ Kg8 47. Qxd6 h6+ 48. Kf6 Qc3+ 49. Qe5 1-0

[Event "Albena Masters op"]
[Site "Albena"]
[Date "2012.05.26"]
[Round "1"]
[White "Spasov, Vasil"]
[Black "Ivanov, Bogidar"]
[Result "1-0"]
[WhiteElo "2570"]
[BlackElo "2222"]
[PlyCount "175"]
[EventDate "2012.05.26"]
[EventType "swiss"]
[EventRounds "9"]
[EventCountry "BUL"]
[SourceTitle "CBM 148 Extra"]
[Source "ChessBase"]
[SourceDate "2012.06.22"]
[SourceVersion "1"]
[SourceVersionDate "2012.06.22"]
[SourceQuality "1"]

1. e4 e5 2. Nf3 Nc6 3. Bc4 Nf6 4. d3 Bc5 5. 0-0 0-0 6. Nbd2 a6 7. Bb3 d6 8. c3 Ba7 9. Nc4 Ne7 10. Bg5 Ng6 11. Nh4 Kh8 12. a4 h6 13. Nxg6+ fxg6 14. Be3 Bxe3 15. Nxe3 c6 16. a5 Nh5 17. d4 Qe7 18. dxe5 dxe5 19. Nc4 Qg5 20. Kh1 Be6 21. Qc2 Rad8 22. Rad1 Kh7 23. f3 Qh4 24. Kg1 Qe7 25. Ne3 Bxb3 26. Qxb3 Nf4 27. Qc4 Qg5 28. Kh1 Qe7 29. b4 Rxd1 30. Rxd1 Rd8 31. Qb3 Rxd1+ 32. Qxd1 Qe6 33. g3 Nh3 34. Qe2 Ng5 35. Ng4 Nf7 36. Kg2 Nd6 37. h4 Nb5 38. Qd2 Nd6 39. Qd3 Nc4 40. Nf2 Nd6 41. Kg1 Kh8 42. Kh2 Kh7 43. Kg2 Kh8 44. Qe3 Qc4 45. Ng4 Qa2+ 46. Qf2 Qe6 47. Qe2 Kh7 48. Ne3 Qb3 49. Qc2 Qe6 50. c4 Qe7 51. Qd3 Qe6 52. Qc3 Kh8 53. Qc2 Kh7 54. Qd3 Kh8 55. c5 Nf7 56. Nc4 Kh7 57. g4 g5 58. h5 g6 59. hxg6+ Kxg6 60. Kg3 Kg7 61. Ne3 Kg6 62. Nf5 Kh7 63. Nd6 Qd7 64. Kg2 Kg6 65. Nxf7 Qxf7 66. Qd6+ Qf6 67. Qd7 Qf4 68. Qd6+ Qf6 69. Qc7 h5 70. gxh5+ Kxh5 71. Qxb7 g4 72. Qh7+ Kg5 73. Qg8+ Kf4 74. Qxg4+ Ke3 75. Qg3 Kd4 76. Qf2+ Kc3 77. Qe1+ Kb3 78. Qd2 Qg7+ 79. Kf2 Qh8 80. Kg2 Qg7+ 81. Kh3 Ka4 82. Kh4 Qf6+ 83. Kg4 Qe6+ 84. Kg5 Qg8+ 85. Kf5 Qg3 86. Ke6 Qxf3 87. Kxe5 Qg3+ 88. Kf6 1-0

[Event "Albena op 19th"]
[Site "Albena"]
[Date "2011.06.30"]
[Round "6"]
[White "Ivanov, Bogidar"]
[Black "Georgescu, Tiberiu Marian"]
[Result "1/2-1/2"]
[WhiteElo "2185"]
[BlackElo "2397"]
[PlyCount "102"]
[EventDate "2011.06.25"]
[EventType "swiss"]
[EventRounds "9"]
[EventCountry "BUL"]
[SourceTitle "CBM 143 Extra"]
[Source "ChessBase"]
[SourceDate "2011.08.29"]
[SourceVersion "1"]
[SourceVersionDate "2011.08.29"]
[SourceQuality "1"]

1. e4 c6 2. d4 d5 3. e5 Bf5 4. Nf3 e6 5. Be2 c5 6. Be3 cxd4 7. Nxd4 Ne7 8. Bb5+ Nbc6 9. c4 dxc4 10. Nc3 a6 11. Nxc6 Qxd1+ 12. Rxd1 Nxc6 13. Bxc6+ bxc6 14. 0-0 Bd3 15. Rfe1 Rb8 16. Rd2 Bb4 17. Rc1 0-0 18. a3 Ba5 19. b4 Bc7 20. f4 a5 21. Bc5 Rfd8 22. g3 axb4 23. axb4 Bb6 24. Na4 Bxc5+ 25. bxc5 Rb4 26. Nb6 Rd4 27. Kf2 h5 28. Ke3 Re4+ 29. Kf3 Rd4 30. Ke3 Re4+ 31. Kf3 g5 32. Nd7 g4+ 33. Kf2 Rd4 34. Nf6+ Kg7 35. Nxh5+ Kg6 36. Nf6 Kf5 37. Ke3 Rd8 38. Ne4 Ra8 39. Nd6+ Kg6 40. Rc3 Ra1 41. Kd4 Raa4 42. Nc8 Rb7 43. Nd6 Rbb4 44. Nc8 Rb7 45. Nd6 Rb8 46. Ke3 Rb1 47. Kd4 Re1 48. Rb2 Rd1 49. Ke3 Re1+ 50. Kd4 Rd1 51. Ke3 Re1+ 1/2-1/2

[Event "Albena op 19th"]
[Site "Albena"]
[Date "2011.06.29"]
[Round "5"]
[White "Panbukchian, Valentin"]
[Black "Ivanov, Bogidar"]
[Result "0-1"]
[WhiteElo "2385"]
[BlackElo "2185"]
[PlyCount "112"]
[EventDate "2011.06.25"]
[EventType "swiss"]
[EventRounds "9"]
[EventCountry "BUL"]
[SourceTitle "CBM 143 Extra"]
[Source "ChessBase"]
[SourceDate "2011.08.29"]
[SourceVersion "1"]
[SourceVersionDate "2011.08.29"]
[SourceQuality "1"]

1. f4 c5 2. Nf3 Nc6 3. g3 g6 4. Bg2 Bg7 5. 0-0 d5 6. d3 Nf6 7. Qe1 0-0 8. c3 d4 9. Na3 Be6 10. Nc2 Nd5 11. Bd2 a5 12. a3 a4 13. Rb1 Nc7 14. Qf2 Bb3 15. Rbc1 Rb8 16. Rfe1 e5 17. fxe5 Nxe5 18. Nxe5 Bxe5 19. cxd4 cxd4 20. Nb4 Ne6 21. Bh6 Re8 22. Qf3 f5 23. Kh1 Ng5 24. Qf2 Nf7 25. Bf4 Qd6 26. Bxe5 Rxe5 27. Nc2 Rd8 28. Bxb7 Qc7 29. Bf3 Rc5 30. g4 fxg4 31. Bxg4 Rxc2 32. Rxc2 Qxc2 33. Qf6 Qc5 34. Bf3 Qg5 35. Qb6 Bd5 36. Rf1 Qe7 37. Kg1 Bxf3 38. Rxf3 Rd5 39. Kf1 Rc5 40. Qb8+ Kg7 41. Qf4 Rd5 42. h4 Nh6 43. Qb8 Nf5 44. Ke1 Re5 45. Rf2 Ng3 46. Kd1 Nxe2 47. h5 Ng3 48. Qb4 Qxb4 49. axb4 Nxh5 50. Rc2 g5 51. Rc7+ Kg6 52. Rd7 g4 53. Rxd4 Nf6 54. Kd2 g3 55. Rc4 h5 56. d4 Re8 0-1

[Event "Albena op 19th"]
[Site "Albena"]
[Date "2011.06.26"]
[Round "2"]
[White "Ivanov, Bogidar"]
[Black "Chatalbashev, Boris"]
[Result "0-1"]
[WhiteElo "2185"]
[BlackElo "2591"]
[PlyCount "116"]
[EventDate "2011.06.25"]
[EventType "swiss"]
[EventRounds "9"]
[EventCountry "BUL"]
[SourceTitle "CBM 143 Extra"]
[Source "ChessBase"]
[SourceDate "2011.08.29"]
[SourceVersion "1"]
[SourceVersionDate "2011.08.29"]
[SourceQuality "1"]

1. e4 g6 2. d4 Bg7 3. Nc3 d6 4. Be3 Nf6 5. h3 0-0 6. Qd2 e5 7. 0-0-0 exd4 8. Bxd4 Nc6 9. Be3 Re8 10. f3 a6 11. Bh6 Bh8 12. Bg5 Be6 13. Nge2 b5 14. Nf4 Ne5 15. Nxe6 fxe6 16. Qe1 Nf7 17. Bh4 Qd7 18. Bf2 b4 19. Ne2 a5 20. Kb1 Ne5 21. Nc1 Qg7 22. f4 Ned7 23. Nd3 c5 24. e5 Nd5 25. Bg3 c4 26. Nc1 Rac8 27. Qe4 N7f6 28. Qd4 Nh5 29. Bh2 Nhxf4 30. Bxf4 dxe5 31. Bxe5 Qxe5 32. Qxe5 Bxe5 33. Re1 Bd4 34. Be2 a4 35. Bg4 Ne3 36. Bf3 a3 37. Ne2 Bxb2 38. Nf4 Bd4 39. Be4 Rb8 40. Ne2 Bc5 41. Nc1 Rf8 42. Re2 Rf4 43. Bf3 e5 44. Rxe3 Bxe3 45. Bd5+ Kg7 46. Ne2 Rf2 47. Bxc4 Rc8 48. Ba6 Rcf8 49. Ng3 Rxg2 50. Ne4 Rf4 51. Bd3 Rh4 52. Bf1 Rgg4 53. Nd6 Rd4 54. Ne8+ Kf7 55. Bb5 Rxh3 56. Rf1+ Bf4 57. Nc7 g5 58. Nd5 g4 0-1

[Event "Bansko op"]
[Site "Bansko"]
[Date "2010.12.15"]
[Round "4"]
[White "Ivanov, Bogidar"]
[Black "Aggelis, Nikolaos"]
[Result "1/2-1/2"]
[WhiteElo "2179"]
[BlackElo "2337"]
[PlyCount "129"]
[EventDate "2010.12.13"]
[EventType "swiss"]
[EventRounds "9"]
[EventCountry "BUL"]
[SourceTitle "CBM 139 Extra"]
[Source "ChessBase"]
[SourceDate "2011.01.05"]
[SourceVersion "1"]
[SourceVersionDate "2011.01.05"]
[SourceQuality "1"]

1. e4 e5 2. Nf3 Nc6 3. Bc4 Nf6 4. d3 Bc5 5. c3 d6 6. Bb3 Bb6 7. Nbd2 Ne7 8. Nc4 Ng6 9. a4 c6 10. Nxb6 axb6 11. Rb1 0-0 12. 0-0 h6 13. Re1 Bg4 14. h3 Bh5 15. g3 d5 16. Qe2 Qd7 17. Kg2 Rfe8 18. Bc2 Re6 19. Qf1 Rae8 20. Ng1 Rd6 21. f3 Nf8 22. g4 Bg6 23. Qf2 Ne6 24. Ne2 h5 25. Ng3 dxe4 26. dxe4 Nf4+ 27. Bxf4 exf4 28. Nf1 hxg4 29. hxg4 Re5 30. Rbd1 Bxe4 31. Rxd6 Qxg4+ 32. Ng3 fxg3 33. Rd8+ Kh7 34. Qxg3 Qxg3+ 35. Kxg3 Rg5+ 36. Kf2 Bxc2 37. Re7 Bxa4 38. Rxf7 Rb5 39. b4 c5 40. Rb8 cxb4 41. cxb4 Rxb4 42. Rbxb7 Nh5 43. Rf5 Kg6 44. Re5 Bb3 45. Rc7 Bc4 46. Re1 b5 47. Rg1+ Kh6 48. Rc8 Kh7 49. Rh1 Rb2+ 50. Ke3 Rb3+ 51. Ke4 Bf7 52. f4 Rb4+ 53. Ke5 Rc4 54. Rf8 Rc5+ 55. Kd4 Rf5 56. Rxh5+ Rxh5 57. Rxf7 Kg6 58. Rb7 Rf5 59. Ke4 Rc5 60. Kd4 Rh5 61. Ke4 Kf6 62. Rb6+ Kf7 63. Rb7+ Kg6 64. f5+ Kf6 65. Rb6+ 1/2-1/2

[Event "Belogradchik op"]
[Site "Belogradchik"]
[Date "2010.09.06"]
[Round "2"]
[White "Ivanov, Bogidar"]
[Black "Petrovic, Milan"]
[Result "1/2-1/2"]
[WhiteElo "2188"]
[BlackElo "1959"]
[PlyCount "90"]
[EventDate "2010.09.06"]
[EventType "swiss"]
[EventRounds "5"]
[EventCountry "BUL"]
[SourceTitle "CBM 138 Extra"]
[Source "ChessBase"]
[SourceDate "2010.10.29"]
[SourceVersion "1"]
[SourceVersionDate "2010.10.29"]
[SourceQuality "1"]

1. e4 c6 2. d4 d5 3. Nd2 dxe4 4. Nxe4 Nf6 5. Nxf6+ exf6 6. c3 Bd6 7. Bd3 0-0 8. Qc2 h6 9. Ne2 Qc7 10. Be3 Re8 11. h3 Nd7 12. a3 c5 13. 0-0 Nf8 14. c4 b6 15. d5 Bd7 16. Bf5 Bxf5 17. Qxf5 Re5 18. Qf3 Ng6 19. Ng3 Nh4 20. Qg4 Rxe3 21. Nh5 Ng6 22. fxe3 Re8 23. Rae1 Re5 24. Rf5 Qe7 25. e4 Kf8 26. Rxe5 Qxe5 27. Qc8+ Ke7 28. Nxg7 Qh2+ 29. Kf1 Qh1+ 30. Kf2 Bg3+ 31. Kxg3 Qxe1+ 32. Kh2 f5 33. Nxf5+ Kf6 34. Qd8+ Ke5 35. d6 Nf4 36. Qe7+ Ne6 37. d7 Qd2 38. Qxf7 Qf4+ 39. Kg1 Qc1+ 40. Kf2 Qd2+ 41. Kg1 Qc1+ 42. Kh2 Qf4+ 43. Kg1 Qc1+ 44. Kf2 Qd2+ 45. Kg1 Qc1+ 1/2-1/2

[Event "BUL-ch sf"]
[Site "Plovdiv"]
[Date "2010.01.29"]
[Round "8"]
[White "Badev, Kiril"]
[Black "Ivanov, Bogidar"]
[Result "1-0"]
[WhiteElo "2369"]
[BlackElo "2128"]
[PlyCount "51"]
[EventDate "2010.01.24"]
[EventType "swiss"]
[EventRounds "9"]
[EventCountry "BUL"]
[SourceTitle "CBM 134 Extra"]
[Source "ChessBase"]
[SourceDate "2010.03.03"]
[SourceVersion "1"]
[SourceVersionDate "2010.03.03"]
[SourceQuality "1"]

1. e4 c5 2. c3 d6 3. d4 Nf6 4. dxc5 Nc6 5. f3 dxc5 6. Qxd8+ Nxd8 7. Na3 Bd7 8. Be3 Rc8 9. 0-0-0 Bc6 10. Nb5 a6 11. Na7 Rc7 12. Nxc6 Rxc6 13. e5 Nd7 14. f4 e6 15. Nf3 Rc7 16. Nd2 Nb6 17. c4 Be7 18. Ne4 0-0 19. Be2 f5 20. Nd6 Nf7 21. g4 Bxd6 22. exd6 Rd7 23. Bxc5 Nc8 24. Rd2 Ncxd6 25. Rhd1 Rfd8 26. Kb1 1-0